000 00991cam a22002533a 4500
001 31168
003 PGUSA
005 20140828083656.0
008 100203s2010||||xxu|||||s|||||000 1 eng d
040 _aPGUSA
_beng
042 _adc
050 4 _aPN
245 1 0 _aAstounding Stories, July, 1931
_h[electronic resource] /
_cVarious
260 _bProject Gutenberg,
_c2010
505 0 _aThe doom from planet 4 / Jack Williamson -- The hands of Aten / H.G. Winter -- The diamond thunderbolt / H. Thompson Rich -- The slave ship from space / A.R. Holmes -- The revolt of the machines /Nat Schachner and Arthur L. Zagat -- The exile of time (conclusion) / Ray Cummings.
506 _aPublic domain in the USA.
516 _aElectronic text
653 _aScience fiction, American -- Periodicals
653 _aScience fiction -- Periodicals
700 1 _aBates, Harry,
_d1900-1981
830 0 _aProject Gutenberg
_v31168
856 4 0 _uhttp://www.gutenberg.org/ebooks/31168
942 _cEB
999 _c260423
_d260423